=LDR 00000nam 2200000 4500 =001 INLIS000000000028034 =005 20130612130352 =008 ***********************************Ind** =035 ##$$0010-061300000028034 =041 ##$$a Ind =082 ##$$a 658.38 =090 ##$$a 658.38, Tre s =100 ##$$a Treswanto, Sugeng Dwi =245 ##$$a 10 strategi pilihan terbaik karyawan, Sugeng Dwi Triswanto =260 ##$$a 2007 $b Yogyakarta =300 ##$$a xii, 242 hlm, 18 cm =650 ##$$a Kesejahteraan Pekerja =850 ##$$a NBPNMAT =990 ##$$a 26292629 =990 ##$$a 20702973